00601nam a2200181Ia 4500952012800000999001700128003000400145005001700149008004100166040001800207082001800225100002000243245005100263260004400314300000900358650001000367942004200377 00102ddc40708GRAaMESbMEScHINd2019-02-20g120.00l0o491.43 LAL/Hp35320r2019-02-20 00:00:00w2019-02-20yBKzGR6R2 c16704d16704OSt20200606120001.0190216s9999||||xx |||||||||||||| ||und|| cMESKC library a491.43bLAL/H aLalengzami9280 0aHindi Guru Hindi Tawang Zirna Bu /cLalengzami bMizo Hindi Zirlai Pawl,c2008.aAizawl: a287p aHindi cBK2ddch491.43iLAL/Hk491.43mLAL/H